000 00304 a2200109 4500
001 ART_40047
005 20260410161842.0
008 260409a
245 1 0 _aHabilitación de la instancia judicial
100 1 _aMonti, Laura
773 0 _tRAP
_g- Año 23, Nº 268 (ene. 2001)
_wREV5941
999 _c24164
_d24164